ბათუმის შოთა რუსთაველის სახელმწიფო უნივერსიტეტის ბიბლიოთეკა

The Black Moon. (ბიბ.ჩანაწერი № 46084)

000 -LEADER
fixed length control field 00461nam a2200193Ia 4500
001 - CONTROL NUMBER
control field 12914
003 - CONTROL NUMBER IDENTIFIER
control field GE_BSU
008 - FIXED-LENGTH DATA ELEMENTS--GENERAL INFORMATION
fixed length control field 181216s||||||||xx |||||||||||||| ||und||
040 ## - CATALOGING SOURCE
Transcribing agency GE_BSU
080 ## - UNIVERSAL DECIMAL CLASSIFICATION NUMBER
Universal Decimal Classification number 821.111-32
100 ## - MAIN ENTRY--PERSONAL NAME
Personal name Graham,Winston.
245 #4 - TITLE STATEMENT
Title The Black Moon.
245 #2 - TITLE STATEMENT
Remainder of title A Novel of Cornwall 1794-5.
260 ## - PUBLICATION, DISTRIBUTION, ETC.
Name of publisher, distributor, etc. Fontana books.
260 ## - PUBLICATION, DISTRIBUTION, ETC.
Date of publication, distribution, etc. 1973
300 ## - PHYSICAL DESCRIPTION
Extent 384p;18cm.
653 ## - INDEX TERM--UNCONTROLLED
Uncontrolled term The Black Moon. A Novel of Cornwall 1794-5.
942 ## - ADDED ENTRY ELEMENTS (KOHA)
Koha item type წიგნი
ეგზემპლარები
Withdrawn status Lost status Damaged status Not for loan Date acquired Barcode Date last seen Price effective from Koha item type
        2018-12-17 36382 2018-12-17 2018-12-17 წიგნი